000 01122njm a2200337Ia 4500
001 99667
003 IT-RoPAU
005 20220918181152.0
008 131025s9999 xx 000 0 und d
040 _aIT-RoPAU
040 _cIT-RoPAU
041 _aINGLESE
999 _c102221
_d102221
999 _bSI
100 _aWelles Orson
_927767
100 _eAutore musica
_927768
100 _gCodice autore musica SPICS: 502
_927769
240 _aWar Of The World (The)
240 _gT2332
245 _aGuerre des mondes (La)
250 _a1a ed.
260 _aFRANCIA
260 _bPHONURGIA NOVA
_c1989 [1a Ed.:1938 - Ed. Lingua Orig.: 1938]
300 _aCOMPACT DISC
300 _c60 minuti (Testo: 0 pag.)
500 _aProgramma radiofonico. Allegato libretto di 156 pagine in francese.
505 _aRadiodramma sulla invasione dei marziani in America.
650 _aREPORTAGE [COMPACT DISC]
_eCodice MATERIA SPICS: 9949
_927770
700 _aWelles Orson
_eAutore testo e musica
_gCodice autore testo/musica SPICS: 502
_927771
700 _aWelles Orson
_gCodice interprete SPICS: 502
_eInterprete
_927772
942 _cCD
_2ddc